| 000 | 00535nam a22001697a 4500 | ||
|---|---|---|---|
| 999 |
_c186274 _d186274 |
||
| 005 | 20220221121611.0 | ||
| 010 | _aENG-131707 | ||
| 020 |
_a9789386720399 _c899.00 |
||
| 035 | _aEN-115239 | ||
| 037 | _bDBAD | ||
| 082 | _a500 | ||
| 245 |
_aGeneral Science/ _cEdited by Kisheto |
||
| 260 |
_aGhazidabad _bRathore Publishers & Distributors _c2019 |
||
| 270 |
_aBasement, 260, Shakitkhand-III, Indirapuram _bGhazidabad _e201010 _mrathorepublishers@gmail.com |
||
| 300 |
_a277p. _c25cm(hbk) |
||
| 942 |
_2ddc _cEN _h500 _mGEN |
||